| 000 | 00655nam a2200193 i 4500 | ||
|---|---|---|---|
| 001 | 39682 | ||
| 003 | ES-MaACL | ||
| 005 | 20230906160047.0 | ||
| 007 | t| | ||
| 008 | 030304s1980 sp ||||1| spa d | ||
| 100 | 1 |
_aCánovas Cuenca, Juan. _934599 |
|
| 245 | 1 | 0 |
_aCalidad agronómica de las aguas de riego / _cpor Juan Canovas Cuenca ; dibujo portada de Antonio Aguirre. |
| 250 | _a2ª ed. rev. | ||
| 260 |
_aMadrid : _b[Publicaciones de Extensión Agraria], _c1980. |
||
| 300 |
_a55 p. : _bil. ; _c24 cm. |
||
| 700 | 1 |
_aAguirre, Antonio. _918810 |
|
| 710 | 1 |
_aEspaña. _bServicio de Extensión Agraria. _93975 |
|
| 852 |
_aES-MaACL _jC-26159 _bR.100215 |
||
| 999 |
_c39682 _d39682 |
||